00347nam a22001217a 4500003000400000008004100004020001800045082001800063100002600081245005500107260005000162300001300212OSt240827b |||||||| |||| 00| 0 eng d a9788173056482 a320.5409bCHN aCHAKRABARTI, Dilip K. aNationalism in the study of ancient Indian history aNew Delhi:bAryan Books International,c2021. axv,398p.